Libro rojo de peces marinos de Colombia / (Registro nro. 2905)
[ vista simple ]
| 000 -CABECERA | |
|---|---|
| Campo de control | 00921nam a2200253 a 4500 |
| 005 - FECHA Y HORA DE LA ULTIMA TRANSACCION | |
| Campo de control | 20180209094109.0 |
| 008 - ELEMENTOS DE LONGITUD FIJA—INFORMACION GENERAL | |
| Campo de control | 140220b2002 ck ||||| |||| 00| 0 spa d |
| 040 ## - FUENTE DE CATALOGACIÓN | |
| Agencia catalogadora original | CO-BoIAVH |
| Agencia transcriptora | CO-BoIAVH |
| 041 ## - IDIOMA | |
| Código de idioma para texto/pista de sonido o título separado | Español |
| 044 ## - PAÍS DE PUBLICACIÓN | |
| País de publicación | Colombia |
| 082 04 - NUMERO DE CLASIFICACION DECIMAL DEWEY | |
| Número de clasificación | 597.092 |
| Número del ítem | L69l |
| 090 ## - CLASIFICACIÓN LOCAL | |
| Colección | LB |
| Consecutivo | 00352 |
| 245 10 - MENCION DE TITULO | |
| Título | Libro rojo de peces marinos de Colombia / |
| Mención de responsabilidad | editado por Luz Stella Mejía y Arturo Acero |
| 260 ## - PUBLICACION, DISTRIBUCION, ETC. (PIE DE IMPRENTA) | |
| Lugar de publicación, distribución, etc. | Bogotá: |
| Nombre del editor, distribuidor, etc. | Instituto de Investigaciones Marinas y Costeras Invemar; |
| -- | Ministerio de Ambiente y Desarrollo Sostenible, |
| Fecha de publicación, distribución, etc. | 2002. |
| 300 ## - DESCRIPCION FISICA | |
| Extensión | 173 p. |
| Otros detalles físicos | il. |
| Dimensiones | 24 cm. |
| 490 ## - MENCION DE SERIE | |
| Mención de serie | Libros Rojos de Especies Amenazadas |
| 650 ## - ASIENTO SECUNDARIO DE MATERIA - TERMINO TEMATICO | |
| Término temático o nombre geográfico como elemento de entrada | Peces |
| Subdivisión geográfica | Colombia |
| 9 (RLIN) | 89583 |
| 650 ## - ASIENTO SECUNDARIO DE MATERIA - TERMINO TEMATICO | |
| Término temático o nombre geográfico como elemento de entrada | Peces marinos |
| Subdivisión geográfica | Colombia |
| 9 (RLIN) | 89584 |
| 650 ## - ASIENTO SECUNDARIO DE MATERIA - TERMINO TEMATICO | |
| Término temático o nombre geográfico como elemento de entrada | Peces extintos |
| Subdivisión geográfica | Colombia |
| 9 (RLIN) | 89585 |
| 650 #6 - ASIENTO SECUNDARIO DE MATERIA - TERMINO TEMATICO | |
| Término temático o nombre geográfico como elemento de entrada | Peces marinos |
| Subdivisión general | clasificación |
| Subdivisión geográfica | Colombia |
| 9 (RLIN) | 89586 |
| 650 #6 - ASIENTO SECUNDARIO DE MATERIA - TERMINO TEMATICO | |
| Término temático o nombre geográfico como elemento de entrada | Población de peces |
| Subdivisión geográfica | Colombia |
| 9 (RLIN) | 89587 |
| 700 1# - ASIENTO SECUNDARIO - NOMBRE PERSONAL | |
| Nombre personal | Acero-P., Arturo |
| 9 (RLIN) | 7522 |
| 942 ## - ELEMENTOS ADICIONALES (KOHA) | |
| Tipo de ítem | Libro |
| Sistema de clasificación | Dewey Decimal Classification |
| Koha issues (borrowed), all copies | 11 |
| Withdrawn status | Lost status | Sistema de Clasificación | Damaged status | No para préstamo | Colección | Inventariado | Ubicación Permanente | Ubicación actual | Fecha de adquisición | Fuente de Valor | Valor | Total Checkouts | Número topográfico | Inventario / Código de Barras | Date last seen | Date checked out | Ejemplar | Price effective from | Forma de adquisición | Tipo de material |
|---|---|---|---|---|---|---|---|---|---|---|---|---|---|---|---|---|---|---|---|---|
| Dewey Decimal Classification | Humboldt | Bogotá | Bogotá | 18/02/2005 | 7 | IAVH-597.092 L69l | 017304 | 23/03/2017 | 23/03/2017 | Ej. 2 | 04/12/2012 | Institucional | Libro | |||||||
| Dewey Decimal Classification | Humboldt | Bogotá | Bogotá | 13/08/2013 | 5 | IAVH-597.092 L69l | 058334 | 29/01/2018 | 24/01/2018 | Ej. 1 | 13/08/2013 | Institucional | Libro | |||||||
| Local | Audiovisual | Bogotá | Bogotá | 20/11/2013 | LB-00352 | 058959 | 20/11/2013 | Ej. 2 | 20/11/2013 | CD-ROM | ||||||||||
| Dewey Decimal Classification | Villa de Leyva | Bogotá | 29/10/2019 | IAVH-597.092 L69l | 043644 | 29/10/2019 | Ej. 2 | 29/10/2019 | Libro | |||||||||||
| Dewey Decimal Classification | Humboldt | Inventariado 2017 | Sala Fabio Quevedo | Sala Fabio Quevedo | 04/12/2012 | Instituto | 30000.00 | 1 | IAVH-597.092 L69l | 015865 | 24/03/2017 | 24/03/2017 | Ej. 1 | 04/12/2012 | Libro |